000 00686nam a22001577a 4500
999 _c60864
_d60864
005 20231113104217.0
008 231113s1967 ru ||||| |||| 00| 0 rus d
041 _arus
080 _a94(37+38) А-72
245 _aАнтичная эпистолография :
_bОчерки /
_cАкадемия Наук СССР.
264 _aМосква :
_bИздательство: Наука,
_c1967.
300 _a284 стр.;
_b22 см.
653 _aანტიკური ეპისტოლოგრაფია
710 _aАкадемия наук СССР
_dИнститут мировой литературы им. А.М. Горького.
_920342
942 _2udc
_cᲬᲘᲒᲜᲘ